000 00394nam a2200169Ia 4500
005 20250423100451.0
008 250422s9999 xx 000 0 und d
020 _a9788121929691
050 _aQA 75.5 .R69/
100 _aRoy, Gautam
245 0 _aPC Software and IT Tools
260 _aNew Delhi
260 _bS. Chand & Company Ltd.
260 _c2016
300 _a284 p
942 _cBK
999 _c33395
_d33395